000 00505nam a2200169 i 4500
001 146807
003 ES-MaACL
005 20230906201658.0
007 t|
008 070918s1975 sp ||||1| spa d
100 1 _aTriolet, Elsa.
_9111456
245 1 0 _aFresa silvestre /
_cElsa Triolet ; prólogo de Louis Aragón ; [versión Salvador Guillén].
260 _a[Barcelona] :
_bEuros,
_c[1975]
300 _a192 p. ;
_c22 cm.
700 1 _aAragon, Louis.
_922179
852 _aES-MaACL
_jA-5579
_bR.93976
999 _c146807
_d146807